Top scorers: English first division and premier league - Statistics

General Stats
  • This quiz has been taken 28 times
    15 since last reset
  • The average score is 46 of 144
Answer Stats
Hint Answer % Correct
2022-23 | 2023-24 Erling Haaland
100%
2015-16 | 2016-17 | 2020-21 Harry Kane
100%
2017-18 | 2018-19 | 2021-22 | 2024-25 Mohamed Salah
100%
2018-19 Sadio Mane
100%
2014-15 Sergio Aguero
100%
2021-22 Son Heung-Min
100%
1994-95 | 1995-96 | 1996-97 Alan Shearer
92%
2010-11 Carlos Tevez
92%
2006-07 | 2009-10 Didier Drogba
92%
2019-20 Jamie Vardy
92%
2011-12 | 2012-13 Robin van Persie
92%
2001-02 | 2003-04 | 2004-05 | 2005-06 Thierry Henry
92%
2007-08 Cristiano Ronaldo
83%
1983-84 Ian Rush
83%
2013-14 Luis Suarez
83%
1997-98 | 1998-99 Michael Owen
83%
2018-19 Pierre-Emerick Aubameyang
83%
2002-03 Ruud van Nistelrooy
83%
1992-93 Teddy Sheringham
83%
1993-94 Andy Cole
75%
2008-09 Nicolas Anelka
75%
2010-11 Dimitar Berbatov
67%
1998-99 Dwight Yorke
67%
1984-85 | 1985-86 | 1989-90 Gary Lineker
67%
1991-92 Ian Wright
67%
1967-68 George Best
58%
1998-99 | 2000-01 Jimmy Floyd Hasselbaink
58%
1999-2000 Kevin Philips
58%
1927-28 | 1931-32 Dixie Dean
50%
1997-98 Chris Sutton
42%
1997-98 Dion Dublin
42%
1981-82 Kevin Keegan
42%
1958-59 | 1960-61 | 1962-63 | +3 others Jimmy Greaves
33%
1988-89 | 1990-91 Alan Smith
25%
1957-58 Bobby Smith
25%
1920-21 Joe Smith
25%
1976-77 Andy Gray
17%
1986-87 Clive Allen
17%
1972-73 Pop Robson
17%
1965-66 Roger Hunt
17%
1954-55 Ronnie Allen
17%
1921-22 Andrew Wilson
8%
1914-15 Bobby Parker
8%
1949-50 Dickie Davis
8%
1971-72 Francis Lee
8%
1924-25 Frank Roberts
8%
1987-88 John Aldridge
8%
1891-92 | 1892-93 | 1894-95 | 1895-96 John Campbell
8%
1956-57 John Charles
8%
1984-85 Kerry Dixon
8%
1974-75 | 1976-77 Malcolm Macdonald
8%
1966-67 | 1967-68 Ron Davies
8%
1950-51 Stan Mortensen
8%
1905-06 | 1910-11 Albert Shepherd
0%
1906-07 Alex Young
0%
1964-65 Andy McEvoy
0%
1904-05 Arthur Brown
0%
1908-09 Bert Freeman
0%
1899-1900 Billy Garraty
0%
1977-78 Bob Latchford
0%
1922-23 Charlie Buchan
0%
1952-53 Charlie Wayman
0%
1928-29 Dave Halliday
0%
1911-12 | 1912-13 David McLean
0%
1959-60 Dennis Viollet
0%
1946-47 Dennis Westcott
0%
1961-62 Derek Kevan
0%
1907-08 Enoch West
0%
1978-79 Frank Worthington
0%
1936-37 Freddie Steele
0%
1919-20 Fred Morris
0%
1897-98 Fred Wheldon
0%
1913-14 George Elliott
0%
1911-12 George Holley
0%
1951-52 George Robledo
0%
1911-12 Harry Hampton
0%
1932-33 | 1933-34 Jack Bowers
0%
1909-10 Jack Parkinson
0%
1890-91 | 1893-94 Jack Southworth
0%
1969-70 Jeff Astle
0%
1953-54 Jimmy Glazzard
0%
1889-90 Jimmy Ross
0%
1901-02 Jimmy Settle
0%
1926-27 Jimmy Trotter
0%
1888-89 John Goodall
0%
1982-83 Luther Blissett
0%
1973-74 Mick Channon
0%
1955-56 Nat Lofthouse
0%
1980-81 Peter Withe
0%
1979-80 Phil Boyer
0%
1961-62 Ray Crawford
0%
1947-48 Ronnie Rooke
0%
1902-03 Sam Raybould
0%
1980-81 Steve Archibald
0%
1895-96 | 1896-97 | 1898-99 | +2 others Steve Bloomer
0%
1934-35 Ted Drake
0%
1925-26 Ted Harper
0%
1975-76 Ted MacDougall
0%
1937-38 | 1938-39 Tommy Lawton
0%
1930-31 Tom Waring
0%
1970-71 Tony Brown
0%
1929-30 Vic Watson
0%
1935-36 W.G. Richardson
0%
1923-24 Wilf Chadwick
0%
1965-66 Willie Irvine
0%
1948-49 Willie Moir
0%
No matching quizzes found
Score Distribution
Percent of People with Each Score
Percentile by Number Answered
Your Score History
You have not taken this quiz since the last reset